| 000 | 00813cab a22001815a 4500 | ||
|---|---|---|---|
| 001 | L146565 | ||
| 008 | 090204e20090121xxkd f s 000 0 eng d | ||
| 035 | _a(Sirsi) u146565 | ||
| 041 | 0 | _aeng | |
| 100 | 1 | _aStagg, James | |
| 245 | 0 | 0 |
_aCJ50 _bPublic spending helps lift output |
| 260 | _c2009 | ||
| 490 |
_aContract Journal _v446 (6707) 21 January 2009, 18 (1) |
||
| 520 | _aMonthly league table of new work winners for December 2008, divided by sector. Balfour Beatty is at the top of the table for December 2008 due to public contracts. Rok follows at the second position. Wates is at the third position of this table. Reports that 35% of new orders came from the private commercial sector. | ||
| 651 | 4 |
_aUnited Kingdom _y |
|
| 690 | _aPROPERTY-COMMERCIAL PROPERTY-COMMERCIAL PROPERTY MARKET | ||
| 942 | _n0 | ||
| 999 |
_c81187 _d81187 |
||